01384nam a2200289 a 450000100060000000300080000600500170001400800410003103500190007204000370009104100130012808200290014110000320017024501120020226000850031430000290039949000600042850000940048850000810058250400290066350502480069265000190094083000100095970000300096971000490099983000460104829392BD-RjUL20211209051416.0140403r19501924enk 001 0 eng u a(BD-RjUL)29477 aCSUdKKPdm.cdEQObengcBD-RjUL1 aenghger a131.3462bFRC V-1 19501 aFreud, Sigmund,d1856-1939.10aCollected papers /cSigmund Freud ; authorized translation under the supervision of Joan Rivere.nVOLUME I. aLondon :bHogarth Press and Institute of Psychoanalysis,c1924 [Impression 1950] a359 p. :bill. ;c22 cm.1 aInternational psycho-analytical library ;vno. 7-10, 37 aVol. 3: Authorized translation by Alix and James Strachey; v. 5 edited by James Strachey. aIncludes papers originally collected in Kleiner Schriften zur Neurosenlehre. aIncludes bibliographies.0 av. 1. Early papers. On the history of the psycho-analytic movement.--v. 2. Clinical papers. Papers on technique.--v. 3. Case histories.--v. 4. Papers on metapsychology. Papers on applied psycho-analysis.--v. 5. Miscellaneous papers, 1888-1938. 0aPsychoanalysis 0v7 &c.1 aRiviere, Joan,d1883-19622 aInstitute of Psycho-analysis (Great Britain) 0aInternational psycho-analytical library ;